| 000 | 02067nam a2200433 c 4500 | ||
|---|---|---|---|
| 999 |
_c188644 _d188644 |
||
| 003 | BLK | ||
| 005 | 20241106095824.0 | ||
| 008 | 180411b bul|||||r ||||||| ||bul|| | ||
| 010 | _aKNG00197663000 | ||
| 040 | _aBLK | ||
| 041 |
_aBUL _cBUL |
||
| 080 |
_aАвстрийска литература _b821.112(436) _x-31 _z821.112(436)-31 |
||
| 080 |
_aОбща история на философията _b101(091) _x(492)(092) _z101(091)(492)(092) |
||
| 080 |
_aОткривателски пътешествия. Експедиции _b910.4 _x(092) _z910.4(092) |
||
| 080 |
_aИстория на Франция _b944 _x(092) _z944(092) |
||
| 080 |
_aБиографии _b929 _z929 |
||
| 100 | 1 |
_aЦвайг, Стефан _eпърви автор _9366443 |
|
| 139 |
_aЦвайг, Стефан _bЦ 29 |
||
| 245 | 1 | 0 |
_aЕразъм, Магелан, Фуше _bБиогр. романи _cСтефан Цвайг; прев. от нем. Страшимир Георгиев Джамджиев; прев. от нем. Димитър Стоевски; с предг. от Ефрем Каранфилов. |
| 257 | _aAUT | ||
| 260 |
_bНар. култура _c1971 _aСофия |
||
| 300 |
_a684 с. _c20 см |
||
| 380 | _aX | ||
| 490 |
_aБиблиотека Световна класика _9201621 |
||
| 500 | _a55 100 тир. | ||
| 600 | 1 | 4 |
_aЕразъм Ротердамски _d1466? - 1536 _gНидерландски философ _967433 |
| 600 | 1 | 4 |
_aМагелан, Фернандо де _9223680 |
| 600 | 1 | 4 |
_aФуше, Жозеф _9281222 |
| 700 | 1 |
_aДжамджиев, Страшимир Георгиев _eпрев. от нем. _9379881 |
|
| 700 |
_aСтоевски, Димитър _qЧолаков, Димчо Стоев _9364897 |
||
| 700 | 1 |
_aКаранфилов, Ефрем _eс предг. от _9367837 |
|
| 852 | _aЦб 60098 | ||
| 856 | 4 | _qpdf | |
| 856 | 4 | _qpdf | |
| 942 |
_cKNG _n0 _05 _s1 |
||
| 944 |
_aCR _c08.12.2016 _k30560 _lГеновева Генчева |
||
| 944 |
_aED _c08.12.2016 _kПравда_Бадева |
||
| 999 | _d188644 | ||